Vol. 50 : Ecology and safety in the technosphere: current problems and solutions: All-Russian research-to-practice conference, 17–19 November 2016, Yurga, Russian Federation; IOP Conference Series: Earth and Environmental Science

Bibliographic Details
Parent link:IOP Conference Series: Earth and Environmental Science. Vol. 50 : Ecology and safety in the technosphere: current problems and solutions
Corporate Authors: National Research Tomsk Polytechnic University (TPU), Ecology and safety in the technosphere: current problems and solutions
Summary:Title screen
Language:English
Published: 2017
Subjects:
Online Access:http://iopscience.iop.org/issue/1755-1315/50/1
Format: MixedMaterials Electronic Book
KOHA link:https://koha.lib.tpu.ru/cgi-bin/koha/opac-detail.pl?biblionumber=653954

MARC

LEADER 00000nam2a2200000 4500
001 653954
005 20231102025950.0
035 |a (RuTPU)RU\TPU\network\19469 
090 |a 653954 
100 |a 20170404a2017 k y0engy50 ba 
101 0 |a eng 
102 |a GB 
105 |a a z 100zy 
135 |a drcn ---uucaa 
181 0 |a i  
182 0 |a b 
200 0 |a Vol. 50 : Ecology and safety in the technosphere: current problems and solutions  |e All-Russian research-to-practice conference, 17–19 November 2016, Yurga, Russian Federation 
203 |a Text  |c electronic 
210 |d 2017 
300 |a Title screen 
461 1 |0 (RuTPU)RU\TPU\network\2499  |t IOP Conference Series: Earth and Environmental Science  |v Vol. 50 : Ecology and safety in the technosphere: current problems and solutions 
606 1 |a Техносфера  |x Экология  |2 stltpush  |3 (RuTPU)RU\TPU\subj\73270  |9 86359 
610 1 |a конференции 
610 1 |a труды учёных ТПУ 
610 1 |a электронный ресурс 
610 1 |a безопасность 
675 |a 504.03(063)  |v 3 
712 0 2 |a National Research Tomsk Polytechnic University (TPU)  |2 stltpush  |3 (RuTPU)RU\TPU\col\18773 
712 1 2 |a Ecology and safety in the technosphere: current problems and solutions  |c conference  |e Yurga  |f 2016 
801 2 |a RU  |b 63413507  |c 20171012  |g RCR 
856 4 |u http://iopscience.iop.org/issue/1755-1315/50/1 
942 |c BK